Etická dimenzia spoločensky zodpovedného podnikania

História a súčasnosť spoločnskej zodpovednosti. Pojem spoločensky zodpovedné podnikanie. Stakeholder manažment a teória stakelholderov. Spoločenská zodpovednosť z pohľadu štvorúrovňového modelu A. B. Carrolla.

Salvato in:
Dettagli Bibliografici
Autore principale: Čmelíková, Zuzana
Altri autori: Čmelík, Ján
Natura: Capitolo di libro
Lingua:slovacco
Soggetti:
Tags: Aggiungi Tag
Nessun Tag, puoi essere il primo ad aggiungerne!!

MARC

LEADER 00000naa a2200000 4500
001 0152730
005 20220718112633.4
041 0 |a slo 
044 |a CZ 
245 1 0 |a Etická dimenzia spoločensky zodpovedného podnikania  |c Zuzana Čmelíková, Ján Čmelík 
520 |a História a súčasnosť spoločnskej zodpovednosti. Pojem spoločensky zodpovedné podnikanie. Stakeholder manažment a teória stakelholderov. Spoločenská zodpovednosť z pohľadu štvorúrovňového modelu A. B. Carrolla. 
610 2 0 |a zodpovednosť spoločenská 
610 2 0 |a etika 
610 2 0 |a manažment 
610 2 0 |a skupiny záujmové 
610 2 0 |a podnikanie zodpovedné 
100 1 |a Čmelíková, Zuzana 
700 1 |a Čmelík, Ján